00279nam a2200121 a 4500001000500000005001700005008004100022020001800063050001700081245002400098260001900122300001600141061520140414131920.0040201s19uu xx 00 eng d a0-553-15573-3 aERbOv2 1987 aOver in the meadow. bBantam,c1987. ap. ; cm.